Statistics for Actors Playing Sherlock Holmes

Click here to take the quiz!

General Stats

  • This quiz has been taken 30 times
  • The average score is 5 of 10

Answer Stats

Answer% Correct
Johnny Depp
92%
Benedict Cumberbatch
92%
Will Ferrell
77%
Ian McKellen
77%
Christopher Lee
62%
Basil Rathbone
50%
Peter Cushing
38%
Patrick Macnee
19%
Jonny Lee Miller
15%
Rupert Everett
15%

Score Distribution

Percentile by Number Answered

Percent of People with Each Score

Your Score History

You have not taken this quiz